|
|
|
|
| LEADER |
00000nab a2200000 a 4500 |
| 001 |
vtls000174556 |
| 003 |
SK-MaSNL |
| 005 |
20260302210239.0 |
| 008 |
111104c1984 xo 0 slo |
| 015 |
|
|
|a SNBRB19rr/mm-uuuuu
|
| 035 |
|
|
|a CL0184668
|
| 040 |
|
|
|a SNKBUCL
|b slo
|c SNKBUCL
|e AACR2
|
| 041 |
0 |
|
|a slo
|
| 044 |
|
|
|a xo
|c SK
|
| 080 |
|
|
|a 796.035
|2 1981
|
| 100 |
1 |
|
|a Veselá, O.
|4 aut
|9 573855
|
| 245 |
1 |
0 |
|a Zdravotné faktory limitujúce činnosť a zaradenie v rekreačnej telesnej výchove
|c O. Veselá, I. Gályová, J. Čermák
|
| 650 |
0 |
7 |
|a šport rekreačný
|2 snkbucl
|9 695635
|
| 655 |
|
7 |
|a články z novín a časopisov
|2 snkbucl
|9 267496
|
| 700 |
1 |
|
|a Gályová, Iveta
|4 aut
|9 298226
|
| 700 |
1 |
|
|a Čermák, J.
|4 aut
|9 633640
|
| 773 |
0 |
|
|t Tréner
|g Roč. 28, č. 1 (1984)
|
| 850 |
|
|
|a Slovenská národná knižnica v Martine
|a MTA001
|
| 852 |
|
|
|a SNK
|b KIS3GCP
|
| 958 |
|
|
|a RK
|
| 992 |
|
|
|a RBX
|
| 999 |
|
|
|c 1481633
|d 1483563
|